Catalog

Record Details

Catalog Search



The borrowers aloft ; with the short tale, Poor ... Read More

Norton, Mary.(Author).
Krush, Beth,(ill.). Krush, Joe,(ill.). Norton, Mary. Poor Stainless. 1998.(Added Author).

Available copies

  • 2 of 2 copies available at LARL/NWRL Consortium.
  • 2 of 2 copies available at Northwest Regional Library. (Show preferred library)

Current holds

0 current holds with 2 total copies.

Show Only Available Copies
Location Call Number / Copy Notes Barcode Shelving Location Status Due Date
Red Lake Falls Public Library j NOR (Text) 35500006835894 Main Available -
Thief River Falls Public Library j pb (Text) 35500003486782 Main Available -

Record details

  • ISBN: 0152105247
  • ISBN: 0152105336 (pbk.)
  • ISBN: 0152047344 (pbk.)
  • ISBN: 9780152047344
  • Physical Description: 224 p. : ill. ; 20 cm.
  • Edition: 1st Harcourt Young Classic ed.
  • Publisher: San Diego : Harcourt Brace & Co., 1998.

Content descriptions

Summary, etc.:
Two stories about a family of tiny people called ... Read More
Subject: Children's stories, English.
Fantasy.
LDR 01287cam a2200337 a 4500
001132810
003LARL_NWRL_CONSORTIUM
00520241202172143.0
008971017s1998 caua c 000 1 eng
010 . ‡a97043173 /AC
020 . ‡a0152105247
020 . ‡a0152105336 (pbk.)
020 . ‡a0152047344 (pbk.)
020 . ‡a9780152047344
040 . ‡aDLC ‡cDLC ‡dIJC ‡dC#P ‡dGZD
049 . ‡aNRG
08200. ‡a[Fic] ‡221
099 . ‡aFIC
1001 . ‡aNorton, Mary. ‡0(LARL_NWRL_CONSORTIUM)48221
24514. ‡aThe borrowers aloft ; ‡bwith the short tale, Poor Stainless / ‡cMary Norton ; illustrated by Beth and Joe Krush.
2463 . ‡aBorrowers aloft ; with the short tale, Poor Stainless.
250 . ‡a1st Harcourt Young Classic ed.
260 . ‡aSan Diego : ‡bHarcourt Brace & Co., ‡c1998.
300 . ‡a224 p. : ‡bill. ; ‡c20 cm.
520 . ‡aTwo stories about a family of tiny people called the Borrowers, in which the family is kidnapped, and the youngest boy is discovered missing.
650 0. ‡aChildren's stories, English. ‡0(LARL_NWRL_CONSORTIUM)16471
650 0. ‡aFantasy. ‡0(LARL_NWRL_CONSORTIUM)19981
7001 . ‡aKrush, Beth, ‡eill. ‡0(LARL_NWRL_CONSORTIUM)50936
7001 . ‡aKrush, Joe, ‡eill. ‡0(LARL_NWRL_CONSORTIUM)58811
70012. ‡aNorton, Mary. ‡tPoor Stainless. ‡f1998.
901 . ‡a132810 ‡bISxN ‡c132810 ‡tbiblio

Additional Resources